000 01048nam a2200313 a 4500
001 42087
003 BD-RjUL
005 20211209053506.0
008 160609s1989 cou b 001 0 eng
020 _a0813307694
035 _a(BD-RjUL)42205
035 _a2108970
040 _aLC
_beng
_cBD-RjUL
_dLC
041 _aeng
082 0 0 _a327.43
_219
_bGER 1989
245 0 0 _aGermany through American eyes :
_bforeign policy and domestic issues /
_cedited by Gale A. Mattox and John H. Vaughan, Jr.
260 _aBoulder :
_bWestview Press,
_cc1989.
300 _axiv, 183 p. ;
_c24 cm.
500 _aIncludes index.
504 _aIncludes bibliographical references.
651 0 _aGermany (West)
_xForeign relations.
_9129421
651 0 _aGermany (West)
_xSocial conditions.
_9129436
651 0 _aGermany (West)
_xEconomic conditions.
_9129437
651 0 _aGermany (East)
_xForeign relations.
_9129423
700 1 _aMattox, Gale A.
_9129438
700 1 _aVaughan, John H.,
_d1951-
_9129439
942 _2ddc
_cBK
999 _c42087
_d42087